[Event "Balatonlelle Rigo Memorial IM-A 4th"]
[Site "Balatonlelle"]
[Date "2025.06.23"]
[Round "4"]
[White "Csernyik, Mark"]
[Black "Borhy, Marcell Boldizsar"]
[Result "1/2-1/2"]
[WhiteElo "2170"]
[BlackElo "2340"]
[PlyCount "68"]
[EventDate "2025.06.21"]
[EventType "tourn"]
[EventRounds "9"]
[EventCountry "HUN"]
[SourceTitle "CB27_2025"]
[SourceDate "2025.07.02"]
[SourceVersion "1"]
[SourceVersionDate "2025.07.02"]
[SourceQuality "1"]

1. e4 c5 2. Nf3 d6 3. d4 cxd4 4. Nxd4 Nf6 5. Nc3 a6 6. f3 e5 7. Nb3 Be6 8. Be3 h5 9. Qd2 Nbd7 10. Nd5 Bxd5 11. exd5 g6 12. 0-0-0 Nb6 13. Bg5 Be7 14. h4 Nbxd5 15. a3 Rc8 16. Kb1 Nb6 17. Bxf6 Bxf6 18. Qxd6 Qxd6 19. Rxd6 Nd7 20. g3 Ke7 21. Rxd7+ Kxd7 22. Bh3+ Kc7 23. Bxc8 Rxc8 24. c3 Be7 25. Re1 Bd6 26. Nd2 Re8 27. Nc4 b5 28. Nxd6 Kxd6 29. Kc2 Rg8 30. f4 exf4 31. gxf4 Rc8 32. Kd3 Rc5 33. Re8 Rf5 34. Ke4 Kc6 1/2-1/2

[Event "Balatonlelle Rigo Memorial IM-A 4th"]
[Site "Balatonlelle"]
[Date "2025.06.22"]
[Round "2"]
[White "Csernyik, Mark"]
[Black "Tancsa, Tamas"]
[Result "1-0"]
[WhiteElo "2170"]
[BlackElo "2240"]
[PlyCount "91"]
[EventDate "2025.06.21"]
[EventType "tourn"]
[EventRounds "9"]
[EventCountry "HUN"]
[SourceTitle "CB27_2025"]
[SourceDate "2025.07.02"]
[SourceVersion "1"]
[SourceVersionDate "2025.07.02"]
[SourceQuality "1"]

1. e4 c5 2. Nf3 d6 3. d4 cxd4 4. Nxd4 Nf6 5. Nc3 a6 6. f3 e5 7. Nb3 Be7 8. Be3 Be6 9. Qd2 h5 10. Nd5 Nxd5 11. exd5 Bf5 12. Be2 a5 13. 0-0 a4 14. Nc1 Nd7 15. Nd3 Qc7 16. c4 Bg6 17. b4 axb3 18. axb3 0-0 19. Ra2 f5 20. Rfa1 Rxa2 21. Rxa2 f4 22. Bf2 b6 23. Nb4 Bf6 24. Nc6 Nb8 25. Ra7 Qc8 26. Nxb8 Qxb8 27. Ra6 Bd8 28. Qb4 Bc7 29. Bxb6 Qc8 30. c5 Bxb6 31. Qxb6 Qf5 32. cxd6 Qb1+ 33. Kf2 Bd3 34. Bxd3 Qxd3 35. Ra2 e4 36. fxe4 f3 37. g3 Qb1 38. Qa5 Qh1 39. Ke3 Qg2 40. Rf2 Qg1 41. Qc3 Ra8 42. d7 Ra2 43. d8Q+ Kh7 44. Qe7 Qxf2+ 45. Kf4 Ra7 46. Qcxg7# 1-0

[Event "Budapest SixDays 05 IM-B"]
[Site "Budapest"]
[Date "2025.05.18"]
[Round "7"]
[White "Csernyik, Mark"]
[Black "Li, Guohao"]
[Result "0-1"]
[WhiteElo "2128"]
[BlackElo "2355"]
[PlyCount "154"]
[EventDate "2025.05.14"]
[EventType "tourn"]
[EventRounds "9"]
[EventCountry "HUN"]
[SourceTitle "CB21_2025"]
[SourceDate "2025.05.21"]
[SourceVersion "1"]
[SourceVersionDate "2025.05.21"]
[SourceQuality "1"]

1. e4 d6 2. d4 Nf6 3. Nc3 Nbd7 4. Nf3 e5 5. dxe5 dxe5 6. Bc4 Bb4 7. 0-0 c6 8. Bd2 0-0 9. a3 Bc5 10. Qe2 b5 11. Ba2 Qb6 12. b4 Be7 13. Nh4 g6 14. Be3 Qc7 15. Bh6 Re8 16. h3 Bf8 17. Qe3 Nh5 18. Nf3 Nf4 19. Bxf8 Nxf8 20. Ne2 Nxe2+ 21. Qxe2 Be6 22. c4 a6 23. Rac1 Qb8 24. cxb5 axb5 25. Rc3 Ra6 26. Rfc1 Bd7 27. Ng5 Re7 28. Qf3 Qe8 29. Qe3 h6 30. Nf3 Kg7 31. Ne1 Qa8 32. Qc5 Qe8 33. Nd3 Be6 34. Bxe6 Rxe6 35. Qe3 Nd7 36. Nc5 Nxc5 37. Rxc5 Qd7 38. R1c3 Qd4 39. f3 Qxe3+ 40. Rxe3 Kf6 41. Rd3 Ke7 42. Kf2 Ra8 43. Ke3 h5 44. h4 f6 45. g3 g5 46. hxg5 fxg5 47. f4 gxf4+ 48. gxf4 exf4+ 49. Kxf4 Rf8+ 50. Rf5 Rh8 51. Re5 h4 52. Rxe6+ Kxe6 53. Rh3 Rh7 54. Kf3 Ke5 55. Ke3 Rh8 56. Kf2 Kxe4 57. Rc3 h3 58. Kg1 h2+ 59. Kh1 Rh6 60. Rc5 Kd4 61. Rc2 Kd5 62. Rc5+ Kd6 63. Rc3 Rh5 64. Rd3+ Kc7 65. Rc3 Kb6 66. Re3 Kc7 67. Rd3 c5 68. bxc5 Kc6 69. a4 b4 70. a5 Kxc5 71. a6 Kc4 72. Rd8 Ra5 73. Ra8 Kb3 74. Kxh2 Ka3 75. Kg2 b3 76. a7 b2 77. Kf2 Ka2 0-1

[Event "Budapest SixDays 05 IM-B"]
[Site "Budapest"]
[Date "2025.05.17"]
[Round "6"]
[White "Varga, Csaba Zoltan"]
[Black "Csernyik, Mark"]
[Result "1-0"]
[WhiteElo "2270"]
[BlackElo "2128"]
[PlyCount "139"]
[EventDate "2025.05.14"]
[EventType "tourn"]
[EventRounds "9"]
[EventCountry "HUN"]
[SourceTitle "CB21_2025"]
[SourceDate "2025.05.21"]
[SourceVersion "1"]
[SourceVersionDate "2025.05.21"]
[SourceQuality "1"]

1. Na3 d5 2. d4 c5 3. c4 cxd4 4. Qxd4 e6 5. cxd5 Nc6 6. Qd3 exd5 7. Nf3 Nf6 8. e3 g6 9. Be2 Bg7 10. 0-0 Bf5 11. Qb5 Qd7 12. Nd4 a6 13. Qb6 Nxd4 14. exd4 0-0 15. Bf4 Rfe8 16. Be5 Re6 17. Qb3 Ne4 18. Bxg7 Nd2 19. Qd1 Nxf1 20. Bh6 Nxh2 21. Kxh2 Qe7 22. Be3 Re8 23. Bf3 g5 24. Qb3 Rd8 25. Kg1 Red6 26. Rc1 g4 27. Be2 Re6 28. Rc3 b5 29. Nc2 h5 30. Nb4 Qd7 31. Nd3 Bxd3 32. Bxd3 g3 33. Qc2 Qe7 34. Bf5 Rf6 35. a3 a5 36. Rc7 Qd6 37. Rc8 gxf2+ 38. Bxf2 Rxc8 39. Qxc8+ Qf8 40. Bh7+ Kg7 41. Qxf8+ Kxf8 42. Be1 Rf4 43. Bxa5 Rxd4 44. Bb4+ Ke8 45. Kf2 Kd7 46. Ke3 Rh4 47. Bd3 Kc6 48. Be2 Re4+ 49. Kd3 h4 50. Bf3 Re5 51. Bc3 Rf5 52. Ke3 Kc5 53. Bd4+ Kc6 54. b4 Rg5 55. Bf6 Rg8 56. Kd4 Kd6 57. Bxh4 Ra8 58. Bg3+ Kd7 59. Kxd5 Rxa3 60. Kc5 f5 61. Kxb5 Rb3 62. Bf4 Rb2 63. Bc6+ Kc8 64. g3 Rb1 65. Kc5 Kd8 66. b5 Ke7 67. b6 Rb2 68. b7 Rc2+ 69. Kb6 Rb2+ 70. Bb5 1-0

[Event "Krakow op-A 35th"]
[Site "Krakow"]
[Date "2025.01.04"]
[Round "9"]
[White "Szczotka, Klara"]
[Black "Csernyik, Mark"]
[Result "1/2-1/2"]
[WhiteElo "2137"]
[BlackElo "2175"]
[PlyCount "79"]
[EventDate "2024.12.27"]
[EventType "swiss"]
[EventRounds "9"]
[EventCountry "POL"]
[SourceTitle "CB02_2025"]
[SourceDate "2025.01.08"]
[SourceVersion "1"]
[SourceVersionDate "2025.01.08"]
[SourceQuality "1"]

1. d4 Nf6 2. c4 g6 3. Nc3 d5 4. Bg5 Bg7 5. Bxf6 Bxf6 6. cxd5 c5 7. dxc5 Nd7 8. e4 Nxc5 9. Nf3 Bxc3+ 10. bxc3 Qa5 11. Qd4 0-0 12. Nd2 Bd7 13. Be2 e5 14. Qb4 Qc7 15. Nb3 Rac8 16. 0-0 Nxb3 17. Qxb3 Qxc3 18. Qxb7 Rc7 19. Qb3 a5 20. Qxc3 Rxc3 21. Rfb1 Rfc8 22. f3 a4 23. Rb7 R8c7 24. Rab1 a3 25. d6 Rxb7 26. Rxb7 Rc2 27. Rxd7 Rxe2 28. Ra7 Rd2 29. d7 Kf8 30. Rxa3 Rxd7 31. Ra8+ Kg7 32. a4 h5 33. h4 Rd2 34. a5 f6 35. a6 Ra2 36. a7 g5 37. hxg5 fxg5 38. Kh2 Ra3 39. Kg3 Ra2 40. Re8 1/2-1/2

[Event "Krakow op-A 35th"]
[Site "Krakow"]
[Date "2024.12.29"]
[Round "3"]
[White "Csernyik, Mark"]
[Black "Mihelic, Vesna"]
[Result "1-0"]
[WhiteElo "2175"]
[BlackElo "2117"]
[PlyCount "71"]
[EventDate "2024.12.27"]
[EventType "swiss"]
[EventRounds "9"]
[EventCountry "POL"]
[SourceTitle "CB02_2025"]
[SourceDate "2025.01.08"]
[SourceVersion "1"]
[SourceVersionDate "2025.01.08"]
[SourceQuality "1"]

1. e4 e5 2. Nf3 Nc6 3. d4 exd4 4. Nxd4 Nf6 5. Nxc6 bxc6 6. e5 Qe7 7. Qe2 Nd5 8. h4 Qe6 9. Nd2 Nb4 10. Nf3 Ba6 11. c4 d5 12. a3 Bxc4 13. Qd1 Bxf1 14. Kxf1 Na6 15. b4 Nb8 16. Bf4 Qg4 17. g3 Be7 18. Kg2 0-0 19. Rc1 a5 20. b5 Bxa3 21. Rc2 cxb5 22. Qd3 Qg6 23. Qb3 a4 24. Qa2 Qd3 25. Rd2 Qb3 26. Qa1 Bb4 27. Rb2 Qa3 28. Qb1 c5 29. Ng5 g6 30. h5 Ra6 31. hxg6 fxg6 32. Rxh7 Rf5 33. Qh1 Rxg5 34. Bxg5 Qxb2 35. Rb7 Qxe5 36. Qh7+ 1-0

[Event "Krakow op-A 35th"]
[Site "Krakow"]
[Date "2024.12.28"]
[Round "2"]
[White "Karsten, Jan"]
[Black "Csernyik, Mark"]
[Result "1-0"]
[WhiteElo "2326"]
[BlackElo "2175"]
[PlyCount "79"]
[EventDate "2024.12.27"]
[EventType "swiss"]
[EventRounds "9"]
[EventCountry "POL"]
[SourceTitle "CB02_2025"]
[SourceDate "2025.01.08"]
[SourceVersion "1"]
[SourceVersionDate "2025.01.08"]
[SourceQuality "1"]

1. e4 c5 2. Nf3 d6 3. d4 cxd4 4. Nxd4 Nf6 5. Nc3 Nc6 6. Bg5 e6 7. Qd2 Qb6 8. 0-0-0 Be7 9. f4 0-0 10. Nxc6 bxc6 11. e5 dxe5 12. fxe5 Nd5 13. Bxe7 Nxe7 14. Na4 Qb8 15. Qd6 Ng6 16. Bd3 f5 17. Rhe1 Nf4 18. Bf1 a5 19. Qxb8 Rxb8 20. Rd6 g5 21. Nc5 Kf7 22. Rxc6 Nd5 23. Bc4 Rd8 24. Rd1 f4 25. Rd6 Ke7 26. Rxd8 Kxd8 27. Bxd5 exd5 28. Rxd5+ Ke7 29. Ne4 Bf5 30. Nd6 Ke6 31. Rxa5 g4 32. Nb5 Rd8 33. Nc7+ Kf7 34. Ra6 Kg7 35. Rf6 g3 36. Rxf5 Kg6 37. Rf6+ Kg5 38. Ne6+ Kg4 39. h3+ Kh5 40. Nxd8 1-0

[Event "HUN-chT 2425"]
[Site "Hungary"]
[Date "2024.12.14"]
[Round "3.9"]
[White "Lakos, Nikoletta"]
[Black "Csernyik, Mark"]
[Result "1-0"]
[WhiteElo "2184"]
[BlackElo "2144"]
[PlyCount "65"]
[EventDate "2024.11.02"]
[EventType "team-tourn"]
[EventRounds "9"]
[EventCountry "HUN"]
[SourceTitle "CB16_2025"]
[SourceDate "2025.04.16"]
[SourceVersion "1"]
[SourceVersionDate "2025.04.16"]
[SourceQuality "1"]
[WhiteTeam "Haladas"]
[BlackTeam "Kobanya Aquarena"]
[WhiteTeamCountry "HUN"]
[BlackTeamCountry "HUN"]

1. e4 c5 2. Nf3 d6 3. d4 cxd4 4. Qxd4 Nc6 5. Bb5 Bd7 6. Qd3 g6 7. c4 Bg7 8. 0-0 Nf6 9. h3 0-0 10. Nc3 Rc8 11. Bxc6 Bxc6 12. Nd4 Nd7 13. Rd1 Ne5 14. Qe2 Bd7 15. b3 Nc6 16. Nxc6 Rxc6 17. Bb2 Bxc3 18. Bxc3 b5 19. e5 bxc4 20. exd6 exd6 21. Qe3 Qh4 22. Rd4 Qh5 23. bxc4 Re8 24. Qg3 Be6 25. Rh4 Qf5 26. Qe3 Rc5 27. Qh6 f6 28. Qxh7+ Kf8 29. Qh6+ Kf7 30. Rf4 Rh8 31. Rxf5 Rxh6 32. Rxf6+ Ke7 33. Re1 1-0

[Event "Paracin op-A 17th"]
[Site "Paracin"]
[Date "2024.07.05"]
[Round "3"]
[White "Csernyik, Mark"]
[Black "Agibileg, Uurtsaikh"]
[Result "0-1"]
[WhiteElo "2117"]
[BlackElo "2418"]
[PlyCount "84"]
[EventDate "2024.07.03"]
[EventType "swiss"]
[EventRounds "9"]
[EventCountry "SRB"]
[SourceTitle "CBM 221 Extra"]
[Source "ChessBase"]
[SourceDate "2024.09.30"]
[SourceVersion "1"]
[SourceVersionDate "2024.09.30"]
[SourceQuality "1"]

1. e4 c5 2. Nf3 d6 3. d4 cxd4 4. Nxd4 Nf6 5. Nc3 a6 6. f3 e5 7. Nb3 Be6 8. Be3 Be7 9. Qd2 h5 10. Nd5 Nxd5 11. exd5 Bf5 12. c4 a5 13. Bd3 Bxd3 14. Qxd3 Bg5 15. 0-0 Bxe3+ 16. Qxe3 0-0 17. Kh1 Nd7 18. f4 Rc8 19. Nd2 exf4 20. Qxf4 Ne5 21. b3 Re8 22. Nf3 Rc7 23. Nd4 Ng6 24. Qd2 Rce7 25. Rae1 Re4 26. Rxe4 Rxe4 27. Qd3 Qe8 28. h3 Nf4 29. Qd2 Qe5 30. Nf3 Qe7 31. c5 dxc5 32. d6 Qd7 33. Qc2 Re2 34. Qc4 Qxd6 35. Ng1 Qg6 36. g4 Qc6+ 37. Rf3 hxg4 38. hxg4 g5 39. Qc3 Rf2 40. Qe3 Qh6+ 41. Rh3 Nxh3 42. Nxh3 Qc6+ 0-1

[Event "HUN-chT 2324"]
[Site "Hungary"]
[Date "2024.05.12"]
[Round "9.10"]
[White "Toth, Barnabas1"]
[Black "Csernyik, Mark"]
[Result "0-1"]
[WhiteElo "1894"]
[BlackElo "2198"]
[PlyCount "76"]
[EventDate "2023.10.28"]
[EventType "team-tourn"]
[EventRounds "9"]
[EventCountry "HUN"]
[SourceTitle "EXT 2025"]
[Source "ChessBase"]
[SourceDate "2024.10.14"]
[SourceVersion "1"]
[SourceVersionDate "2024.10.14"]
[SourceQuality "1"]
[WhiteTeam "Tapolca Varos"]
[BlackTeam "Kobanya Aquarena"]
[WhiteTeamCountry "HUN"]
[BlackTeamCountry "HUN"]

1. d4 Nf6 2. c4 g6 3. g3 Bg7 4. Bg2 0-0 5. Nc3 d6 6. Nf3 c5 7. 0-0 Nc6 8. a3 cxd4 9. Nxd4 Bd7 10. Nc2 Qc8 11. Ne3 Bh3 12. Rb1 Bxg2 13. Kxg2 Ne5 14. b3 Qc6+ 15. f3 e6 16. Bb2 Rfd8 17. Nc2 b6 18. e4 a5 19. Nd4 Qb7 20. Qe2 Nc6 21. Ndb5 d5 22. e5 Ne8 23. Na4 d4 24. Rfd1 Bxe5 25. c5 bxc5 26. Nxc5 Qe7 27. Rbc1 Rac8 28. Nd3 Bg7 29. f4 Nf6 30. Ne5 Nxe5 31. fxe5 Rxc1 32. Bxc1 Ng4 33. Rxd4 Nxe5 34. Bb2 Qb7+ 35. Kh3 Rxd4 36. Bxd4 Nf3 37. Be3 Qe4 38. g4 Ng1+ 0-1

[Event "HUN-chT 2324"]
[Site "Hungary"]
[Date "2024.05.11"]
[Round "8.10"]
[White "Csernyik, Mark"]
[Black "Gara, Anita"]
[Result "1/2-1/2"]
[WhiteElo "2198"]
[BlackElo "2347"]
[PlyCount "94"]
[EventDate "2023.10.28"]
[EventType "team-tourn"]
[EventRounds "9"]
[EventCountry "HUN"]
[SourceTitle "EXT 2025"]
[Source "ChessBase"]
[SourceDate "2024.10.14"]
[SourceVersion "1"]
[SourceVersionDate "2024.10.14"]
[SourceQuality "1"]
[WhiteTeam "Kobanya Aquarena"]
[BlackTeam "Tungsram ANSK"]
[WhiteTeamCountry "HUN"]
[BlackTeamCountry "HUN"]

1. e4 c5 2. Nf3 g6 3. d4 cxd4 4. Nxd4 Nc6 5. Nc3 Bg7 6. Be3 Nf6 7. Bc4 0-0 8. Bb3 Re8 9. 0-0 d6 10. f3 Bd7 11. Qd2 Na5 12. Kh1 Rc8 13. Rad1 Nc4 14. Bxc4 Rxc4 15. b3 Rc8 16. Nd5 b5 17. Bh6 Bh8 18. Nxf6+ Bxf6 19. f4 Qc7 20. Qf2 Qc5 21. f5 Bc6 22. fxg6 hxg6 23. b4 Qh5 24. Nxc6 Rxc6 25. Bf4 Rec8 26. Rd2 Qh8 27. Bg5 a6 28. h3 Qg7 29. Bxf6 Qxf6 30. Qxf6 exf6 31. Rxf6 Rxc2 32. Rdxd6 Rxa2 33. Rd7 Rf8 34. e5 Kg7 35. Ra7 Re2 36. Rfxa6 Rxe5 37. Rb6 Rd8 38. Rbb7 Rf5 39. g4 Rf3 40. Kg2 Rdd3 41. h4 Rg3+ 42. Kf2 Rdf3+ 43. Ke2 Rf4 44. g5 Rgg4 45. Rb8 Re4+ 46. Kd3 Rd4+ 47. Ke2 Rde4+ 1/2-1/2

[Event "HUN-ch U20 rapid"]
[Site "Budapest"]
[Date "2024.03.23"]
[Round "6"]
[White "Csernyik, Mark"]
[Black "Karacsonyi, Gellert"]
[Result "1/2-1/2"]
[WhiteElo "2016"]
[BlackElo "2386"]
[PlyCount "100"]
[EventDate "2024.03.23"]
[EventType "swiss (rapid)"]
[EventRounds "9"]
[EventCountry "HUN"]
[SourceTitle "EXT 2025"]
[Source "ChessBase"]
[SourceDate "2024.10.14"]
[SourceVersion "1"]
[SourceVersionDate "2024.10.14"]
[SourceQuality "1"]

1. e4 c5 2. Nf3 Nc6 3. d4 cxd4 4. Nxd4 g6 5. Nc3 Bg7 6. Be3 Nf6 7. Bc4 0-0 8. Bb3 Re8 9. 0-0 d6 10. f3 Na5 11. Qd2 Nxb3 12. axb3 a6 13. Nd5 Nxd5 14. exd5 e5 15. dxe6 fxe6 16. Rad1 Qc7 17. c4 b6 18. Bh6 Bxh6 19. Qxh6 e5 20. Nc2 b5 21. Ne3 Be6 22. Kh1 bxc4 23. bxc4 Rab8 24. Rd2 Rb6 25. h4 a5 26. f4 Qg7 27. Qg5 exf4 28. Rxf4 Qe5 29. Qxe5 dxe5 30. Re4 Bf5 31. Nxf5 gxf5 32. Ree2 Rh6 33. Rd5 Rxh4+ 34. Kg1 e4 35. Rxf5 e3 36. Rxa5 Rxc4 37. Ra3 Rce4 38. g3 Kg7 39. Kg2 R4e7 40. Kf3 Rf8+ 41. Kg2 Rb8 42. Raxe3 Rxe3 43. Rxe3 Rxb2+ 44. Kh3 Kg6 45. Re6+ Kg5 46. Ra6 Rb5 47. Ra7 h5 48. Ra4 Rb3 49. Ra5+ Kg6 50. Ra6+ Kg5 1/2-1/2

[Event "HUN-ch U20 rapid"]
[Site "Budapest"]
[Date "2024.03.23"]
[Round "7"]
[White "Palczert, Matyas"]
[Black "Csernyik, Mark"]
[Result "1-0"]
[WhiteElo "2297"]
[BlackElo "2016"]
[PlyCount "72"]
[EventDate "2024.03.23"]
[EventType "swiss (rapid)"]
[EventRounds "9"]
[EventCountry "HUN"]
[SourceTitle "EXT 2025"]
[Source "ChessBase"]
[SourceDate "2024.10.14"]
[SourceVersion "1"]
[SourceVersionDate "2024.10.14"]
[SourceQuality "1"]

1. e4 c5 2. Nf3 d6 3. d4 cxd4 4. Nxd4 Nf6 5. Nc3 g6 6. Be3 Bg7 7. f3 0-0 8. Qd2 Nc6 9. 0-0-0 d5 10. Kb1 Nxd4 11. e5 Nf5 12. exf6 exf6 13. Bc5 d4 14. Bxf8 Qxf8 15. Nb5 Ne3 16. Re1 f5 17. f4 Qc5 18. c3 Nxf1 19. Re8+ Bf8 20. Qxd4 Qxb5 21. Qd8 Nd2+ 22. Kc2 Qa4+ 23. Kxd2 Qxf4+ 24. Kd1 Qh6 25. Rhe1 f4 26. R1e2 b5 27. Qd5 Rb8 28. Qe5 Ra8 29. Qc7 Bg4 30. Rxa8 Qh5 31. Rae8 Qxh2 32. Qe5 Bxe2+ 33. Qxe2 Qh1+ 34. Kc2 Qh4 35. Qxb5 Qg4 36. Qb4 Qxg2+ 1-0

[Event "Krapina op 12th"]
[Site "Krapina"]
[Date "2024.01.20"]
[Round "3"]
[White "Csernyik, Mark"]
[Black "Crnjakovic, Tom"]
[Result "1-0"]
[WhiteElo "1991"]
[BlackElo "1727"]
[PlyCount "49"]
[EventDate "2024.01.19"]
[EventType "swiss"]
[EventRounds "7"]
[EventCountry "CRO"]
[SourceTitle "CBM 218 Extra"]
[Source "ChessBase"]
[SourceDate "2024.03.31"]
[SourceVersion "1"]
[SourceVersionDate "2024.03.31"]
[SourceQuality "1"]

1. e4 e5 2. Nf3 Nc6 3. d4 exd4 4. Nxd4 Bc5 5. Nb3 Bb6 6. Nc3 Nge7 7. Bg5 d6 8. Qd2 Be6 9. 0-0-0 Qd7 10. Nd5 Bxd5 11. exd5 Ne5 12. Bxe7 Qxe7 13. Re1 Kf8 14. f4 Re8 15. fxe5 dxe5 16. Bc4 Kg8 17. Rhf1 Rf8 18. Qe2 Qh4 19. g3 Qg5+ 20. Kb1 h6 21. Qxe5 Qd8 22. Qe7 Qxe7 23. Rxe7 h5 24. a4 a5 25. d6 1-0

[Event "HUN-chT1 Maroczy 2324"]
[Site "Hungary"]
[Date "2023.10.29"]
[Round "3.11"]
[White "Karacsony, Zsolt"]
[Black "Csernyik, Mark"]
[Result "0-1"]
[WhiteElo "1941"]
[BlackElo "2031"]
[PlyCount "32"]
[EventDate "2023.10.08"]
[EventType "team-tourn"]
[EventRounds "11"]
[EventCountry "HUN"]
[SourceTitle "EXT 2025"]
[Source "ChessBase"]
[SourceDate "2024.10.14"]
[SourceVersion "1"]
[SourceVersionDate "2024.10.14"]
[SourceQuality "1"]
[WhiteTeam "Pitypalatty"]
[BlackTeam "Kobanya Aquarena II"]
[WhiteTeamCountry "HUN"]
[BlackTeamCountry "HUN"]

1. e4 c5 2. c4 e5 3. Nc3 Nf6 4. d3 Nc6 5. Nf3 d6 6. Bg5 Be7 7. Be2 h6 8. Be3 Nd4 9. h3 Bd7 10. 0-0 a6 11. Rb1 0-0 12. Nh2 b5 13. b3 Qa5 14. Qd2 Qxc3 15. Qxc3 Nxe2+ 16. Kh1 Nxc3 0-1

[Event "EU Union-ch U14"]
[Site "Kouty nad Desnou"]
[Date "2023.08.21"]
[Round "6"]
[White "Jasso, Matej"]
[Black "Csernyik, Mark"]
[Result "0-1"]
[WhiteElo "2143"]
[BlackElo "1976"]
[PlyCount "70"]
[EventDate "2023.08.16"]
[EventType "swiss"]
[EventRounds "9"]
[EventCountry "CZE"]
[SourceTitle "EXT 2024"]
[Source "ChessBase"]
[SourceDate "2023.10.10"]
[SourceVersion "1"]
[SourceVersionDate "2023.10.10"]
[SourceQuality "1"]

1. e4 c6 2. d4 d5 3. exd5 cxd5 4. Bd3 Nc6 5. c3 Qc7 6. Ne2 Bg4 7. 0-0 e6 8. Qe1 Nf6 9. Bf4 Bd6 10. Bxd6 Qxd6 11. Nd2 0-0 12. f4 Bf5 13. Qb1 g6 14. Kh1 Rac8 15. Nf3 Ne4 16. Qe1 Nxc3 17. bxc3 Bxd3 18. Ne5 Nxe5 19. fxe5 Qa6 20. Rf2 Bxe2 21. Rxe2 Rxc3 22. Qxc3 Qxe2 23. h3 Qc4 24. Qb2 b6 25. Rc1 Qd3 26. Qf2 a5 27. Qb2 b5 28. Rc5 Rb8 29. Rc7 b4 30. Qf2 Qf5 31. Qxf5 gxf5 32. Ra7 b3 33. axb3 Rxb3 34. Rxa5 Rb4 35. g4 fxg4 0-1

[Event "EU Union-ch U14"]
[Site "Kouty nad Desnou"]
[Date "2023.08.16"]
[Round "1"]
[White "Haapsal, Maria Ioanna"]
[Black "Csernyik, Mark"]
[Result "1/2-1/2"]
[WhiteElo "1508"]
[BlackElo "1976"]
[PlyCount "120"]
[EventDate "2023.08.16"]
[EventType "swiss"]
[EventRounds "9"]
[EventCountry "CZE"]
[SourceTitle "EXT 2024"]
[Source "ChessBase"]
[SourceDate "2023.10.10"]
[SourceVersion "1"]
[SourceVersionDate "2023.10.10"]
[SourceQuality "1"]

1. e4 c5 2. Nf3 d6 3. d4 cxd4 4. Nxd4 Nf6 5. f3 g6 6. c4 Bg7 7. Be3 0-0 8. Be2 Nc6 9. Qd2 Bd7 10. 0-0 Rc8 11. Nc3 a6 12. Rac1 Nxd4 13. Bxd4 Be6 14. b3 Qa5 15. Rfd1 Nd7 16. Be3 Kh8 17. Nd5 Qxd2 18. Bxd2 Bxd5 19. exd5 Rc7 20. Bd3 Rfc8 21. Re1 Bf6 22. f4 Bb2 23. Rb1 Bd4+ 24. Kh1 Nf6 25. g3 b5 26. f5 Ng4 27. Kg2 Ne5 28. Re4 Nxd3 29. Rxd4 Ne5 30. fxg6 hxg6 31. Bc3 Kg7 32. Re4 bxc4 33. Bxe5+ dxe5 34. bxc4 Rxc4 35. Rxe5 Rc2+ 36. Kf3 Kf6 37. Rbe1 R8c7 38. R5e2 R2c3+ 39. Kg4 Rd3 40. Rf1+ Kg7 41. Rfe1 Kf8 42. Re5 f6 43. Re6 Rc4+ 44. Kh3 Rxd5 45. Rxe7 Rh5+ 46. Kg2 Rc2+ 47. R7e2 Rhc5 48. Kf2 Kf7 49. Rxc2 Rxc2+ 50. Re2 Rc5 51. Kf3 f5 52. h4 Kf6 53. Re3 Ra5 54. a3 Rb5 55. Rc3 a5 56. Rc6+ Kg7 57. Rc3 Kf6 58. Rc6+ Ke5 59. Rxg6 Rb3+ 60. Kg2 Rxa3 1/2-1/2

[Event "HUN-ch U10/14"]
[Site "Buek"]
[Date "2023.06.21"]
[Round "4"]
[White "Toth, Barnabas1"]
[Black "Csernyik, Mark"]
[Result "0-1"]
[WhiteElo "2057"]
[BlackElo "2049"]
[PlyCount "124"]
[EventDate "2023.06.17"]
[EventType "swiss"]
[EventRounds "9"]
[EventCountry "HUN"]
[SourceTitle "CBM 215 Extra"]
[Source "ChessBase"]
[SourceDate "2023.09.30"]
[SourceVersion "1"]
[SourceVersionDate "2023.09.30"]
[SourceQuality "1"]

1. d4 Nf6 2. Nf3 g6 3. g3 Bg7 4. Bg2 c5 5. c4 0-0 6. 0-0 cxd4 7. Nxd4 Nc6 8. Nc3 d6 9. e3 Bd7 10. b3 Qc8 11. Bb2 Bh3 12. Nd5 Nxd5 13. cxd5 Nxd4 14. Bxd4 Bxg2 15. Kxg2 Qf5 16. Bxg7 Kxg7 17. Qd4+ Qf6 18. Qxf6+ Kxf6 19. f4 Rac8 20. Rac1 e6 21. dxe6 Kxe6 22. e4 Rc6 23. Rxc6 bxc6 24. Rc1 Rc8 25. Rc4 f5 26. Kf3 Rc7 27. Ke3 c5 28. h3 d5 29. exd5+ Kxd5 30. Kd3 Re7 31. Ra4 Kc6 32. Rc4 a5 33. a4 Re1 34. Rc3 h6 35. Kd2 Rg1 36. h4 Rg2+ 37. Ke1 Kd5 38. Rd3+ Ke4 39. Rc3 Kd4 40. Rc4+ Kd5 41. Rc3 Rb2 42. Rd3+ Ke4 43. Rc3 Kd4 44. Rc4+ Kd5 45. Rc3 c4 46. bxc4+ Kd4 47. Rc1 Rh2 48. c5 Rh1+ 49. Kd2 Rxc1 50. Kxc1 Kxc5 51. Kc2 Kc4 52. Kd2 Kb4 53. Kd3 Kxa4 54. Kc4 h5 55. Kd5 Kb5 56. Ke6 a4 57. Kf6 a3 58. Kxg6 a2 59. Kxf5 a1Q 60. Kg6 Qd1 61. f5 Qg4+ 62. Kh6 Kc6 0-1

[Event "HUN-ch U20"]
[Site "Budapest"]
[Date "2023.02.23"]
[Round "5"]
[White "Csernyik, Mark"]
[Black "Pribelszky, Bence Daniel"]
[Result "0-1"]
[WhiteElo "1988"]
[BlackElo "2386"]
[PlyCount "56"]
[EventDate "2023.02.20"]
[EventType "swiss"]
[EventRounds "7"]
[EventCountry "HUN"]
[SourceTitle "CBM 212 Extra"]
[Source "ChessBase"]
[SourceDate "2023.03.31"]
[SourceVersion "1"]
[SourceVersionDate "2023.03.31"]
[SourceQuality "1"]

1. e4 c5 2. Nf3 d6 3. d4 cxd4 4. Nxd4 Nf6 5. Nc3 Bd7 6. f3 e5 7. Nb3 Be7 8. Be3 0-0 9. Qd2 a5 10. a4 Na6 11. Be2 Nb4 12. 0-0 Bc6 13. Rfd1 d5 14. exd5 Nfxd5 15. Nxd5 Nxd5 16. Bf2 Qc7 17. Bb5 Bxb5 18. axb5 Rfd8 19. Qe2 a4 20. Nd2 Qxc2 21. Qc4 Qxb2 22. Ne4 Qb4 23. Qf1 a3 24. Rab1 Qa5 25. Qc4 Nf4 26. b6 a2 27. Rxd8+ Bxd8 28. Ra1 Bxb6 0-1